Welcome to CU Library Online Public Access Catalogue (OPAC)

Intermediate Algebra/ (Record no. 1235)

MARC details
000 -LEADER
fixed length control field 00673nam a22001937a 4500
005 - DATE AND TIME OF LATEST TRANSACTION
control field 20241115105834.0
008 - FIXED-LENGTH DATA ELEMENTS--GENERAL INFORMATION
fixed length control field 241115b |||||||| |||| 00| 0 eng d
020 ## - INTERNATIONAL STANDARD BOOK NUMBER
International Standard Book Number 9780547016429
050 ## - LIBRARY OF CONGRESS CALL NUMBER
Classification number QA154.2
Item number .A93
100 ## - MAIN ENTRY--PERSONAL NAME
Personal name Aufmann, Richard N.
245 ## - TITLE STATEMENT
Title Intermediate Algebra/
Remainder of title an applied approach; student support edition
Statement of responsibility, etc. Richard N. Aufmann, Vernon C. Barker & Joanne S. Lockwood
250 ## - EDITION STATEMENT
Edition statement 7th Ed.
Remainder of edition statement instructor's annotated edition
260 ## - PUBLICATION, DISTRIBUTION, ETC.
Place of publication, distribution, etc. Boston
Name of publisher, distributor, etc. Houghton Mifflin Company
Date of publication, distribution, etc. 2009
300 ## - PHYSICAL DESCRIPTION
Extent xxii various pagings
Other physical details ill. color
Dimensions 27.5cm
650 ## - SUBJECT ADDED ENTRY--TOPICAL TERM
Source of heading or term Algebra
700 ## - ADDED ENTRY--PERSONAL NAME
Personal name Barker, Vernon C.
700 ## - ADDED ENTRY--PERSONAL NAME
Personal name Lockwood, Joanne S.
942 ## - ADDED ENTRY ELEMENTS (KOHA)
Source of classification or shelving scheme Library of Congress Classification
Koha item type Books
Edition 7th Ed.
Suppress in OPAC No
999 ## -
-- 1235
-- 1235
Holdings
Withdrawn status Lost status Source of classification or shelving scheme Damaged status Not for loan Collection Home library Current library Shelving location Date acquired Total checkouts Full call number Barcode Date last seen Copy number Price effective from Koha item type
    Library of Congress Classification     Non-fiction Science Library (Miotso) Science Library (Miotso) General stacks 11/15/2024   QA154.2 .A93 AUF SLM00000605 11/15/2024 1 11/15/2024 Books
© 2023-2024 Copyright: Central University Libraries. All Rights Reserved | Created by: Mahone Tech Office